One Direction songs - Statistics

General Stats
  • This quiz has been taken 604 times
  • The average score is 16 of 28
Answer Stats
Hint Answer % Correct
but you can't go to bed without a cup of tea little things
93%
the way that you smile at the ground/it ain't hard to tell what makes you beautiful
92%
i want you to hit the metal, heavy metal rock me
84%
i just wanna show you off to all of my friends/ making them drool from their chinny chin chins kiss you
83%
so get out get out of my head/and fall into my arms instead one thing
77%
but I can't compete with your boyfriend/ he's got 27 tatoos I would
75%
hey girl i'm waiting on ya, i'm waitin on ya live while we're young
75%
i just wanna tell the world that your mine girl they don't know about us
70%
you got everything you need but you want accesories i want
67%
said i'd never leave her cause her hands fit like my t-shirt over again
65%
but here i am/asking you for one more chance gotta be you
60%
is it me yea/ are you thinkin' of me yea last first kiss
59%
never felt like this before/ are we friends or are we more change my mind
57%
tell me i'm a screwed up mess/ that i never listen listen tell me a lie
57%
heart beats harder/ time escapes me moments
54%
i'm dancin' alone/ i'm prayin' that your heart will just turn around more than this
54%
i slept on your doorstep/ begging for one chance taken
54%
the party's ending but its now or never up all night
50%
but you look amazing/standing alone c'mon c'mon
48%
under the lights tonight/ turn around stole my heart
45%
just promise that you won't forget we almost had it all summer love
45%
got your voice in my head/saying lets just be friends heart attack
44%
my tongue gets tied/ the words get trapped i wish
43%
i knew i had to get you/whatever the pain stand up
36%
baby you don't have to worry back for you
35%
think that we got more time/ when we're falling behind same mistakes
33%
he'd only break ya/ leave ya torn apart save you tonight
33%
on the other side of the world/it don't matter/ i'll be there in two everything about you
31%
No matching quizzes found
Score Distribution
Percent of People with Each Score
Percentile by Number Answered
Your Score History
You have not taken this quiz